Statistics for Largest Land Animals of Asia

Click here to take the quiz!

General Stats

  • This quiz has been taken 6,817 times
    (6,713 since last reset)
  • The average score is 17 of 37

Answer Stats

FamilyCategoryAnimal% Correct
FelidaeSpeciesTiger
98%
ElephantidaeSpeciesAsian Elephant
84%
FelidaeSpeciesLion
83%
BovidaeSpeciesCattle
75%
UrsidaeSpeciesGiant Panda
71%
EquusSpeciesHorse
70%
FelidaeSpeciesSnow Leopard
69%
FelidaeSpeciesLeopard
67%
UrsidaeSpeciesBrown Bear
66%
UrsidaeSpeciesAsian Black Bear
63%
CanidaeSpeciesGray Wolf
60%
BovidaeGenusWater Buffalo
60%
HominidaeGenusOrangutan
57%
UrsidaeSpeciesPolar Bear
49%
CervidaeGeneric TermDeer
48%
FelidaeSpeciesCheetah
47%
BovidaeGeneral termGoat (and relatives)
46%
RhinocerotidaeFamilyRhinoceros
46%
BovidaeGeneral termSheep
45%
SuidaeFamilyPig
44%
BovidaeSpeciesYak
43%
CamelidaeGenusCamel
40%
EquusSubgenusDonkey
40%
UrsidaeSpeciesSun Bear
38%
CervidaeSpeciesMoose
37%
BovidaeGeneral termAntelope
35%
BovidaeSpeciesEuropean Bison
33%
VaranidaeSpeciesKomodo Dragon
31%
CervidaeSpeciesCaribou
25%
PythonidaeGenusPython
25%
UrsidaeSpeciesSloth Bear
20%
HyaenidaeGenusHyena
18%
CasuariidaeGenusCassowary
16%
TapiridaeSpeciesMalayan Tapir
16%
BovidaeSpeciesGaur
9%
BovidaeSpeciesKouprey
4%
BovidaeSpeciesSaola
4%

Score Distribution

Percentile by Number Answered

Percent of People with Each Score

Your Score History

You have not taken this quiz since the last reset